| 000 | 01797nam a22004697a 4500 | ||
|---|---|---|---|
| 001 | 0051009 | ||
| 003 | KOHA_MİRAKIL | ||
| 005 | 20260207003749.0 | ||
| 007 | ta | ||
| 008 | 150629b2013 tu |||gr||||#||||0|tur | | ||
| 020 | _a9786054326822 | ||
| 040 |
_aTR-BiSEU _btur _cTR-BiSEU _erda |
||
| 041 | 0 | _atur | |
| 044 | _ctu | ||
| 050 |
_aHV1559.T9 _bB35 2013 |
||
| 100 | 1 | _aBalcı, Sezai . | |
| 245 | 1 |
_aOsmanlı Devleti'nde engelliler ve engelli eğitimi : _bsağır dilsiz ve körler mektebi/ _cSezai Balcı ; Sezai Balcı. |
|
| 264 | 1 |
_aİstanbul : _bLibra _c2013 |
|
| 300 | _a224 sayfa: resimli; 23 cm. | ||
| 336 |
_ametin _btxt _2rdacontent |
||
| 337 |
_aaracısız _bn _2rdamedia |
||
| 338 |
_acilt _bnc _2rdacarrier |
||
| 490 | 1 |
_aLibra Kitap ; _v83. |
|
| 490 | 1 |
_atarih Dizisi ; _v69. |
|
| 500 | _aDizin var. | ||
| 500 | _aKaynakça var. | ||
| 650 | 0 |
_aEngelliler--Türkiye--Tarih 19. yy. _994547 |
|
| 650 | 0 |
_aPeople with disabilities--Turkey--History --19th century. _994548 |
|
| 650 | 0 |
_aSağırlar--Türkiye--Tarih--19. yy. _994549 |
|
| 650 | 0 |
_aDeaf--Turkey--History--19th century. _994550 |
|
| 650 | 0 |
_aKörler--Türkiye--Tarih 19. yy. _994551 |
|
| 650 | 0 |
_aBlind--Turkey -- History--19th century. _994552 |
|
| 650 | 0 |
_aEngelliler--Eğitim--Türkiye--Tarih -- 19. yy. _994553 |
|
| 650 | 0 |
_aPeople with disabilities --Education--Turkey--History _y 19th century. _994554 |
|
| 650 | 0 |
_aSağırlar --Eğitim --Türkiye--Tarih-- 19. yy. _994555 |
|
| 650 | 0 |
_aDeaf -- Education --Turkey -- History--19th century. _994556 |
|
| 650 | 0 |
_aKörler --Eğitim--Türkiye-- Tarih--19. yy. _994557 |
|
| 650 | 0 |
_aBlind --Education --Turkey--History --19th century. _994558 |
|
| 830 | 1 |
_aLibra Kitap ; _v83. _965795 |
|
| 830 | 1 |
_atarih Dizisi ; _v69. _994559 |
|
| 942 |
_2lcc _cBK |
||
| 999 |
_c50837 _d50837 |
||